000 00668nam a2200217Ia 4500
005 20250508165508.0
008 008 250505s9999 xx 000 0 eng d
020 _a978-93-5007-253-0
037 _aTextual
040 _aFEDL
_beng
_cFEDL
041 _aeng
_2eng
084 _a510, NCE
_qFEDL
245 0 _aSource book on assessment for classes 6-8: Mathematics
245 0 _cNCERT (Delhi India)
260 _aNew Delhi, India
_bNational Council of Educational Research and Training
_c2013
300 _ax, 164p.
365 _aINR
_b125
546 _aAcc. No. 92050 is gifted by Sheetal
942 _cTEXL
_h510, NCE
999 _c1395446
_d1395446